Une famille en Or version quiz Jetpunk #2 - Statistiques

Statistiques générales
  • Ce quiz a été pris 312 fois
  • Le résultat moyen est 160 sur 280
Statistiques - réponses
Quiz Réponse % % Correct
Pays d'Océanie Australie 100%
96%
Pays d'Océanie Australie
96%
Pays d'Océanie Australie
96%
Pays d'Océanie Australie
96%
Pays d'Océanie Australie
96%
Pays d'Océanie Australie
96%
Pays d'Océanie Australie
96%
Capitales du Monde - Quiz Paris 96%
95%
Capitales du Monde - Quiz Paris
95%
Capitales du Monde - Quiz Paris
95%
Capitales du Monde - Quiz Paris
95%
Capitales du Monde - Quiz Paris
95%
Capitales du Monde - Quiz Paris
95%
Capitales du Monde - Quiz Paris
95%
Les 100 plus grandes villes de France sur une carte Paris 99%
95%
Les 100 plus grandes villes de France sur une carte Paris
95%
Les 100 plus grandes villes de France sur une carte Paris
95%
Les 100 plus grandes villes de France sur une carte Paris
95%
Les 100 plus grandes villes de France sur une carte Paris
95%
Les 100 plus grandes villes de France sur une carte Paris
95%
Les 100 plus grandes villes de France sur une carte Paris
95%
Pays d'Océanie Nouvelle Zélande 95%
90%
Pays d'Océanie Nouvelle Zélande
90%
Pays d'Océanie Nouvelle Zélande
90%
Pays d'Océanie Nouvelle Zélande
90%
Pays d'Océanie Nouvelle Zélande
90%
Pays d'Océanie Nouvelle Zélande
90%
Capitales du Monde - Quiz Madrid 93%
84%
Capitales du Monde - Quiz Madrid
84%
Capitales du Monde - Quiz Madrid
84%
Capitales du Monde - Quiz Madrid
84%
Capitales du Monde - Quiz Madrid
84%
Personnages Mario Mario 100%
83%
Personnages Mario Mario
83%
Personnages Mario Mario
83%
Personnages Mario Mario
83%
Personnages Mario Mario
83%
Personnages Mario Mario
83%
Personnages Mario Mario
83%
États des États-Unis Washington 86%
82%
États des États-Unis Washington
82%
Capitales du Monde - Quiz Londres 87%
80%
Capitales du Monde - Quiz Londres
80%
Capitales du Monde - Quiz Berlin 95%
79%
Capitales du Monde - Quiz Berlin
79%
Capitales du Monde - Quiz Berlin
79%
Capitales du Monde - Quiz Berlin
79%
Capitales du Monde - Quiz Berlin
79%
Capitales du Monde - Quiz Berlin
79%
Personnages Mario Luigi 98%
79%
Personnages Mario Luigi
79%
Personnages Mario Luigi
79%
Personnages Mario Luigi
79%
Personnages Mario Luigi
79%
Personnages Mario Luigi
79%
Les 100 plus grandes villes de France sur une carte Marseille 98%
79%
Les 100 plus grandes villes de France sur une carte Marseille
79%
Les 100 plus grandes villes de France sur une carte Marseille
79%
Les 100 plus grandes villes de France sur une carte Marseille
79%
Les 100 plus grandes villes de France sur une carte Marseille
79%
Les 100 plus grandes villes de France sur une carte Marseille
79%
Les 100 plus grandes villes de France sur une carte Lyon 95%
78%
Les 100 plus grandes villes de France sur une carte Lyon
78%
Les 100 plus grandes villes de France sur une carte Lyon
78%
Les 100 plus grandes villes de France sur une carte Lyon
78%
Les 100 plus grandes villes de France sur une carte Lyon
78%
Capitales du Monde - Quiz Rome 91%
75%
Capitales du Monde - Quiz Rome
75%
Capitales du Monde - Quiz Rome
75%
Capitales du Monde - Quiz Rome
75%
Podium du Ballon d'Or depuis 1992 Cristiano Ronaldo 99%
73%
Podium du Ballon d'Or depuis 1992 Cristiano Ronaldo
73%
Podium du Ballon d'Or depuis 1992 Cristiano Ronaldo
73%
Podium du Ballon d'Or depuis 1992 Cristiano Ronaldo
73%
Podium du Ballon d'Or depuis 1992 Cristiano Ronaldo
73%
Podium du Ballon d'Or depuis 1992 Cristiano Ronaldo
73%
Personnages Mario Peach 96%
73%
Personnages Mario Peach
73%
Personnages Mario Peach
73%
Personnages Mario Peach
73%
Personnages Mario Peach
73%
Podium du Ballon d'Or depuis 1992 Lionel Messi 100%
72%
Podium du Ballon d'Or depuis 1992 Lionel Messi
72%
Podium du Ballon d'Or depuis 1992 Lionel Messi
72%
Podium du Ballon d'Or depuis 1992 Lionel Messi
72%
Podium du Ballon d'Or depuis 1992 Lionel Messi
72%
Podium du Ballon d'Or depuis 1992 Lionel Messi
72%
Podium du Ballon d'Or depuis 1992 Lionel Messi
72%
Podium du Ballon d'Or depuis 1992 Ronaldo 98%
72%
Podium du Ballon d'Or depuis 1992 Ronaldo
72%
Podium du Ballon d'Or depuis 1992 Ronaldo
72%
Podium du Ballon d'Or depuis 1992 Ronaldo
72%
Podium du Ballon d'Or depuis 1992 Ronaldo
72%
Les Classiques d'animation Disney Blanche Neige et les Sept Nains 95%
70%
Les Classiques d'animation Disney Blanche Neige et les Sept Nains
70%
Les Classiques d'animation Disney Blanche Neige et les Sept Nains
70%
Les Classiques d'animation Disney Blanche Neige et les Sept Nains
70%
Les Classiques d'animation Disney Blanche Neige et les Sept Nains
70%
Les Classiques d'animation Disney Blanche Neige et les Sept Nains
70%
Les Classiques d'animation Disney Blanche Neige et les Sept Nains
70%
Les 100 plus grandes villes de France sur une carte Lille 94%
70%
Les 100 plus grandes villes de France sur une carte Lille
70%
Les 100 plus grandes villes de France sur une carte Lille
70%
États des États-Unis Californie 93%
69%
États des États-Unis Californie
69%
États des États-Unis Californie
69%
États des États-Unis Californie
69%
États des États-Unis Californie
69%
États des États-Unis Californie
69%
États des États-Unis Californie
69%
Les 100 plus grandes villes de France sur une carte Bordeaux 94%
68%
Les 100 plus grandes villes de France sur une carte Bordeaux
68%
Les 100 plus grandes villes de France sur une carte Bordeaux
68%
Les 100 plus grandes villes de France sur une carte Bordeaux
68%
États des États-Unis Texas 93%
68%
États des États-Unis Texas
68%
États des États-Unis Texas
68%
États des États-Unis Texas
68%
États des États-Unis Texas
68%
États des États-Unis Texas
68%
Les Classiques d'animation Disney Cendrillon 89%
67%
Les Classiques d'animation Disney Cendrillon
67%
Les Classiques d'animation Disney Cendrillon
67%
Les Classiques d'animation Disney Cendrillon
67%
Les Classiques d'animation Disney Cendrillon
67%
Les Classiques d'animation Disney Cendrillon
67%
Les 100 plus grandes villes de France sur une carte Toulouse 92%
66%
Les 100 plus grandes villes de France sur une carte Toulouse
66%
Pays d'Océanie Fidji 77%
64%
Pays d'Océanie Fidji
64%
Pays d'Océanie Fidji
64%
Pays d'Océanie Fidji
64%
États des États-Unis Floride 88%
64%
États des États-Unis Floride
64%
États des États-Unis Floride
64%
États des États-Unis Floride
64%
Sports aux Jeux olympiques de Paris 2024 Football 96%
63%
Sports aux Jeux olympiques de Paris 2024 Football
63%
Sports aux Jeux olympiques de Paris 2024 Football
63%
Sports aux Jeux olympiques de Paris 2024 Football
63%
Sports aux Jeux olympiques de Paris 2024 Football
63%
Sports aux Jeux olympiques de Paris 2024 Football
63%
Sports aux Jeux olympiques de Paris 2024 Football
63%
Capitales du Monde - Quiz Lisbonne 86%
59%
Sports aux Jeux olympiques de Paris 2024 Natation 96%
59%
Sports aux Jeux olympiques de Paris 2024 Natation
59%
Sports aux Jeux olympiques de Paris 2024 Natation
59%
Sports aux Jeux olympiques de Paris 2024 Natation
59%
Sports aux Jeux olympiques de Paris 2024 Natation
59%
Sports aux Jeux olympiques de Paris 2024 Natation
59%
États des États-Unis New York 90%
59%
États des États-Unis New York
59%
États des États-Unis New York
59%
États des États-Unis New York
59%
États des États-Unis New York
59%
Personnages Mario Bowser 83%
56%
Tableau périodique des éléments - Quiz Oxygène 92%
55%
Tableau périodique des éléments - Quiz Oxygène
55%
Tableau périodique des éléments - Quiz Oxygène
55%
Tableau périodique des éléments - Quiz Oxygène
55%
Tableau périodique des éléments - Quiz Oxygène
55%
Tableau périodique des éléments - Quiz Oxygène
55%
Tableau périodique des éléments - Quiz Or 81%
54%
Tableau périodique des éléments - Quiz Or
54%
Tableau périodique des éléments - Quiz Or
54%
Les 100 plus grandes villes de France sur une carte Nice 91%
53%
Personnages Mario Toad 93%
53%
Personnages Mario Toad
53%
Personnages Mario Toad
53%
Personnages Mario Toad
53%
Sports aux Jeux olympiques de Paris 2024 Athlétisme 94%
51%
Sports aux Jeux olympiques de Paris 2024 Athlétisme
51%
Sports aux Jeux olympiques de Paris 2024 Athlétisme
51%
Sports aux Jeux olympiques de Paris 2024 Athlétisme
51%
Sports aux Jeux olympiques de Paris 2024 Athlétisme
51%
Capitales du Monde - Quiz Bruxelles 88%
50%
Capitales du Monde - Quiz Bruxelles
50%
Capitales du Monde - Quiz Bruxelles
50%
Personnages Mario Yoshi 87%
49%
Personnages Mario Yoshi
49%
Personnages Mario Yoshi
49%
Pays d'Océanie Papouasie Nouvelle Guinée 78%
48%
Pays d'Océanie Papouasie Nouvelle Guinée
48%
Pays d'Océanie Papouasie Nouvelle Guinée
48%
Pays d'Océanie Papouasie Nouvelle Guinée
48%
Pays d'Océanie Papouasie Nouvelle Guinée
48%
Sports aux Jeux olympiques de Paris 2024 Basketball 88%
46%
Sports aux Jeux olympiques de Paris 2024 Basketball
46%
Sports aux Jeux olympiques de Paris 2024 Basketball
46%
Sports aux Jeux olympiques de Paris 2024 Basketball
46%
Tableau périodique des éléments - Quiz Hydrogène 92%
42%
Tableau périodique des éléments - Quiz Hydrogène
42%
Tableau périodique des éléments - Quiz Hydrogène
42%
Tableau périodique des éléments - Quiz Hydrogène
42%
Tableau périodique des éléments - Quiz Hydrogène
42%
Tableau périodique des éléments - Quiz Hydrogène
42%
Tableau périodique des éléments - Quiz Hydrogène
42%
Podium du Ballon d'Or depuis 1992 Karim Benzema 89%
41%
Podium du Ballon d'Or depuis 1992 Karim Benzema
41%
Les Classiques d'animation Disney La Belle et la Bête 85%
41%
Les Classiques d'animation Disney La Belle et la Bête
41%
Les Classiques d'animation Disney La Belle et la Bête
41%
Les Classiques d'animation Disney La Belle et la Bête
41%
Les Classiques d'animation Disney La Belle et la Bête
41%
Pays d'Océanie Îles Marshall 65%
40%
Pays d'Océanie Îles Marshall
40%
Pays d'Océanie Îles Marshall
40%
Pays sans ambassade de France Îles Marshall 56%
40%
Pays sans ambassade de France Îles Marshall
40%
Tableau périodique des éléments - Quiz Carbone 87%
38%
Tableau périodique des éléments - Quiz Carbone
38%
Tableau périodique des éléments - Quiz Carbone
38%
Tableau périodique des éléments - Quiz Carbone
38%
Tableau périodique des éléments - Quiz Carbone
38%
Pays d'Océanie États Fédérés de Micronésie 63%
38%
Pays d'Océanie États Fédérés de Micronésie
38%
Les Classiques d'animation Disney La Belle au bois dormant 80%
36%
Les Classiques d'animation Disney La Belle au bois dormant
36%
Pays sans ambassade de France Nauru 55%
36%
Pays d'Océanie Îles Salomon 61%
35%
Les Classiques d'animation Disney La Reine des neiges 81%
35%
Les Classiques d'animation Disney La Reine des neiges
35%
Les Classiques d'animation Disney La Reine des neiges
35%
Tableau périodique des éléments - Quiz Fer 81%
33%
Tableau périodique des éléments - Quiz Fer
33%
Tableau périodique des éléments - Quiz Fer
33%
Tableau périodique des éléments - Quiz Fer
33%
Podium du Ballon d'Or depuis 1992 Kylian Mbappé 90%
32%
Podium du Ballon d'Or depuis 1992 Kylian Mbappé
32%
Podium du Ballon d'Or depuis 1992 Kylian Mbappé
32%
Sports aux Jeux olympiques de Paris 2024 Tennis 78%
32%
Podium du Ballon d'Or depuis 1992 Luka Modrić 88%
31%
Les Classiques d'animation Disney Raiponce 82%
31%
Les Classiques d'animation Disney Raiponce
31%
Les Classiques d'animation Disney Raiponce
31%
Les Classiques d'animation Disney Raiponce
31%
Pays sans ambassade de France Tuvalu 58%
31%
Pays sans ambassade de France Tuvalu
31%
Pays sans ambassade de France Tuvalu
31%
Tableau périodique des éléments - Quiz Azote 80%
28%
Tableau périodique des éléments - Quiz Azote
28%
Sports aux Jeux olympiques de Paris 2024 Judo 83%
28%
Sports aux Jeux olympiques de Paris 2024 Judo
28%
Sports aux Jeux olympiques de Paris 2024 Judo
28%
Pays sans ambassade de France Corée du Nord 66%
25%
Pays sans ambassade de France Corée du Nord
25%
Pays sans ambassade de France Corée du Nord
25%
Pays sans ambassade de France Corée du Nord
25%
Pays sans ambassade de France Corée du Nord
25%
Pays sans ambassade de France Corée du Nord
25%
Pays sans ambassade de France Corée du Nord
25%
Personnages Mario Donkey Kong 85%
23%
Personnages Mario Donkey Kong
23%
Tableau périodique des éléments - Quiz Hélium 80%
21%
États des États-Unis Alaska 87%
19%
États des États-Unis Alaska
19%
États des États-Unis Alaska
19%
Sports aux Jeux olympiques de Paris 2024 Cyclisme 80%
18%
Sports aux Jeux olympiques de Paris 2024 Cyclisme
18%
Les Classiques d'animation Disney Mulan 74%
18%
États des États-Unis Hawaï 74%
17%
Pays sans ambassade de France Vatican 65%
14%
Pays sans ambassade de France Vatican
14%
Pays sans ambassade de France Vatican
14%
Pays sans ambassade de France Vatican
14%
Pays sans ambassade de France Vatican
14%
Pays sans ambassade de France Vatican
14%
Podium du Ballon d'Or depuis 1992 Rodri 92%
11%
Podium du Ballon d'Or depuis 1992 Rodri
11%
Podium du Ballon d'Or depuis 1992 Rodri
11%
Podium du Ballon d'Or depuis 1992 Rodri
11%
Pays sans ambassade de France Saint Marin 61%
9%
Pays sans ambassade de France Saint Marin
9%
Pays sans ambassade de France Saint Marin
9%
Pays sans ambassade de France Saint Marin
9%
Pays sans ambassade de France Saint Marin
9%
Pays sans ambassade de France Liechtenstein 58%
7%
Pays sans ambassade de France Liechtenstein
7%
Pays sans ambassade de France Liechtenstein
7%
Pays sans ambassade de France Liechtenstein
7%
Aucun quiz correspondant
Distribution des résultats
% des personnes avec chaque résultat
Percentile par nombre de réponses
Votre historique - résultats
Vous n’avez pas pris ce quiz